[Event "World Youth U16 Olympiad"]
[Site "Gyor HUN"]
[Date "2014.12.13"]
[Round "1.13"]
[Board "1"]
[White "Nikitenko, Mihail"]
[Black "Egyed, Viktoria"]
[Result "1-0"]
[WhiteElo "2379"]
[BlackElo "1990"]
[WhiteTeam "Belarus"]
[BlackTeam "Hungary (Girls)"]
[WhiteFideId "13506862"]
[BlackFideId "741450"]
[EventDate "2014.12.13"]
[EventType "team"]

1. e4 c5 2. Nf3 e6 3. d4 cxd4 4. Nxd4 a6 5. Nc3 Qc7 6. Be2 Nf6 7. O-O Be7 8. f4
d6 9. Bf3 O-O 10. Kh1 Nc6 11. Be3 Rb8 12. a4 Rd8 13. Qe1 Nb4 14. Rc1 d5 15. e5
Ne8 16. Qg3 Bc5 17. Nce2 Bd7 18. b3 b5 19. axb5 axb5 20. c3 Nc6 21. Qh3 Qb7 22.
b4 Bb6 23. Nxc6 Qxc6 24. Nd4 Qc7 25. Be2 g6 26. Qh6 Ng7 27. g4 Rdc8 28. Rf3 f6
29. exf6 Ne8 30. f5 exf5 31. gxf5 Bxf5 32. Rxf5 gxf5 33. Rg1+ Kh8 34. Qf8# 1-0

[Event "World Youth U16 Olympiad"]
[Site "Gyor HUN"]
[Date "2014.12.13"]
[Round "1.13"]
[Board "2"]
[White "Simon, Lili"]
[Black "Kazakovskiy, Valeriy"]
[Result "0-1"]
[WhiteElo "1901"]
[BlackElo "2378"]
[WhiteTeam "Hungary (Girls)"]
[BlackTeam "Belarus"]
[WhiteFideId "712159"]
[BlackFideId "13507443"]
[EventDate "2014.12.13"]
[EventType "team"]

1. c4 e5 2. g3 Nf6 3. Bg2 c6 4. d4 exd4 5. Qxd4 d5 6. Nf3 Be7 7. O-O O-O 8. cxd5
cxd5 9. Bf4 Nc6 10. Qa4 Qb6 11. Qb3 Qa6 12. Re1 Bg4 13. Nbd2 Rad8 14. h3 Bh5 15.
Rac1 Ne4 16. g4 Bg6 17. Nxe4 Bxe4 18. Ng5 Bxg2 19. Kxg2 Bxg5 20. Bxg5 Rd7 21.
Bh4 Re8 22. e3 h5 23. Rc5 hxg4 24. hxg4 Nd4 25. Qc3 Ne6 26. Rc8 Rxc8 27. Qxc8+
Nf8 28. Rc1 Qe6 29. Bg3 Qxg4 30. Qb8 Qe4+ 31. Kh2 Qe7 32. Rc8 f6 33. Re8 Qf7 34.
Rc8 d4 35. Rd8 Rxd8 36. Qxd8 dxe3 37. fxe3 g5 38. Qc7 Qxc7 39. Bxc7 Ne6 40. Bd6
Kf7 41. Kg3 Nd8 42. a4 Ke6 43. Bc7 Nc6 44. Kg4 Ne5+ 45. Kg3 Nc4 46. b4 Nxe3 47.
b5 Nd5 48. Ba5 f5 49. Bd2 f4+ 50. Kg4 Kf6 51. Bc1 Kg6 0-1

[Event "World Youth U16 Olympiad"]
[Site "Gyor HUN"]
[Date "2014.12.13"]
[Round "1.13"]
[Board "3"]
[White "Zarubitski, Viachaslau"]
[Black "Egyed, Judit"]
[Result "1-0"]
[WhiteTitle "FM"]
[WhiteElo "2219"]
[BlackElo "1914"]
[WhiteTeam "Belarus"]
[BlackTeam "Hungary (Girls)"]
[WhiteFideId "13509373"]
[BlackFideId "703664"]
[EventDate "2014.12.13"]
[EventType "team"]

1. Nf3 Nf6 2. c4 g6 3. b4 Bg7 4. Bb2 d6 5. d4 O-O 6. e3 c6 7. Be2 Be6 8. O-O d5
9. Nbd2 Nbd7 10. Ng5 Bf5 11. g4 Be6 12. Nxe6 fxe6 13. g5 Ne8 14. Bg4 Nc7 15. f4
Kh8 16. h4 h5 17. Be2 Kh7 18. Bd3 Rh8 19. c5 a5 20. Qxh5+ Kg8 21. Qg4 Nf8 22. a3
Qc8 23. Nf3 Qe8 24. Bc3 a4 25. Ne5 Ra7 26. Kg2 Ra8 27. Rh1 Ra7 28. Rh3 Ra8 29.
Rah1 Rh5 30. Kg3 Bxe5 31. fxe5 Nd7 32. Rf1 Rh7 33. Rh2 Nf8 34. Rhf2 Qd7 35. Rf4
Rb8 36. Qd1 Ra8 37. R1f2 Nb5 38. Bb2 Nc7 39. Qf1 Qe8 40. Rxf8+ 1-0

[Event "World Youth U16 Olympiad"]
[Site "Gyor HUN"]
[Date "2014.12.13"]
[Round "1.13"]
[Board "4"]
[White "Kovacs, Judit"]
[Black "Badelka, Olga"]
[Result "0-1"]
[WhiteElo "1849"]
[BlackElo "1996"]
[WhiteTeam "Hungary (Girls)"]
[BlackTeam "Belarus"]
[WhiteFideId "769215"]
[BlackFideId "13509926"]
[EventDate "2014.12.13"]
[EventType "team"]

1. Nf3 Nf6 2. g3 d5 3. Bg2 Bf5 4. d4 e6 5. Nbd2 Be7 6. O-O h6 7. c4 c6 8. b3 O-O
9. Bb2 Nbd7 10. Rc1 Re8 11. Re1 Bh7 12. Ne5 Nxe5 13. dxe5 Ne4 14. Nxe4 dxe4 15.
a3 e3 16. Qxd8 Raxd8 17. fxe3 Rd2 18. Bd4 Bxa3 19. Ra1 Bb2 20. Rxa7 Rxd4 21.
Rxb7 Rd2 22. Bxc6 Rc8 23. Bf3 Bxe5 24. Rc1 Bb2 25. Rf1 Bg6 26. h4 h5 27. g4 hxg4
28. Bxg4 Bf6 29. h5 Be4 30. Rb6 Rc5 31. h6 Rg5 32. Rf4 Bf5 0-1

[Event "World Youth U16 Olympiad"]
[Site "Gyor HUN"]
[Date "2014.12.13"]
[Round "1.14"]
[Board "1"]
[White "Naotunna, Dineth Nimnaka"]
[Black "Markoja, Boris"]
[Result "0-1"]
[BlackTitle "FM"]
[WhiteElo "1947"]
[BlackElo "2335"]
[WhiteTeam "Sri Lanka"]
[BlackTeam "Slovenia"]
[WhiteFideId "9919228"]
[BlackFideId "14608502"]
[EventDate "2014.12.13"]
[EventType "team"]

1. d4 g6 2. Bf4 Bg7 3. e3 d6 4. Nf3 Nd7 5. c4 e5 6. Bg3 Ne7 7. dxe5 dxe5 8. Nc3
Nf5 9. Bd3 Nxg3 10. hxg3 Nc5 11. Bc2 Qxd1+ 12. Rxd1 c6 13. b4 Ne6 14. b5 O-O 15.
Rd6 Re8 16. Ne4 f5 17. Neg5 Nxg5 18. Nxg5 Bf8 19. Rd1 h6 20. Nf3 e4 21. Nd4 c5
22. Ne2 Be6 23. Bb3 g5 24. Nc3 Bg7 25. Nd5 Rac8 26. Ke2 Kf7 27. b6 axb6 28. Nxb6
Rc6 29. Nd5 Rd8 30. Rb1 b5 31. cxb5 Rcd6 32. Rhd1 Rxd5 33. Rxd5 Bxd5 34. Bxd5+
Rxd5 35. b6 Be5 36. b7 Bb8 37. Rb5 Ke7 38. a4 Kd7 39. a5 Kc7 40. a6 Ba7 41.
b8=Q+ Bxb8 42. Rb7+ Kc8 43. Rh7 Rd7 44. Rxh6 c4 45. Rf6 Ba7 46. Rxf5 c3 47. Ra5
Kc7 48. Ra4 Rd2+ 49. Ke1 Kb6 50. Rxe4 Kb5 51. Re5+ Kc4 52. Rxg5 Ra2 53. Rg7 Bc5
54. a7 Ra1+ 55. Ke2 Ra2+ 56. Ke1 c2 57. Kd2 0-1

[Event "World Youth U16 Olympiad"]
[Site "Gyor HUN"]
[Date "2014.12.13"]
[Round "1.14"]
[Board "2"]
[White "Unuk, Laura"]
[Black "Kuruppu, Supun Dasantha"]
[Result "1-0"]
[WhiteTitle "WIM"]
[BlackTitle "CM"]
[WhiteElo "2249"]
[BlackElo "1896"]
[WhiteTeam "Slovenia"]
[BlackTeam "Sri Lanka"]
[WhiteFideId "14609215"]
[BlackFideId "9902805"]
[EventDate "2014.12.13"]
[EventType "team"]

1. d4 Nf6 2. c4 g6 3. Nc3 Bg7 4. e4 d6 5. f3 O-O 6. Bg5 h6 7. Be3 e5 8. d5 Nh5
9. Qd2 Kh7 10. O-O-O f5 11. exf5 gxf5 12. Bd3 Nf6 13. Nge2 Ng8 14. Ng3 Qe8 15.
Bc2 Na6 16. Rhe1 Kh8 17. f4 e4 18. Nb5 Bd7 19. Nd4 Ne7 20. Qe2 Kh7 21. Nh5 Bh8
22. g4 c5 23. Ne6 Bxe6 24. dxe6 Qc6 25. gxf5 Nxf5 26. Qg2 Qb6 27. Bxe4 Nb4 28.
Kb1 Rae8 29. Ng3 Qa6 30. a3 Nc6 31. Nxf5 Bf6 32. Nxh6+ 1-0

[Event "World Youth U16 Olympiad"]
[Site "Gyor HUN"]
[Date "2014.12.13"]
[Round "1.14"]
[Board "3"]
[White "Herath, N N B"]
[Black "Cretnik, Urban"]
[Result "0-1"]
[WhiteElo "1743"]
[BlackElo "2214"]
[WhiteTeam "Sri Lanka"]
[BlackTeam "Slovenia"]
[WhiteFideId "9914030"]
[BlackFideId "14608480"]
[EventDate "2014.12.13"]
[EventType "team"]

1. Nf3 d5 2. c4 c6 3. b3 Bg4 4. Bb2 Nd7 5. d3 Ngf6 6. Nbd2 e6 7. g3 Bd6 8. Bg2
O-O 9. O-O e5 10. Qc2 Re8 11. e4 a5 12. Rfe1 a4 13. d4 dxe4 14. Nxe4 Nxe4 15.
Qxe4 f5 16. Qc2 e4 17. Nd2 Bb4 18. Bc3 Bxc3 19. Qxc3 axb3 20. axb3 Rxa1 21. Qxa1
Ne5 22. Qc3 Nd3 23. Re3 Qf6 24. Bf1 c5 25. Qxd3 exd3 26. Rxe8+ Kf7 27. Re3 Be2
28. dxc5 Bxf1 29. Kxf1 Qc3 0-1

[Event "World Youth U16 Olympiad"]
[Site "Gyor HUN"]
[Date "2014.12.13"]
[Round "1.14"]
[Board "4"]
[White "Bratkovic, Jakob"]
[Black "Doluweera, Minul Sanjula"]
[Result "1-0"]
[BlackTitle "CM"]
[WhiteElo "2158"]
[BlackElo "2031"]
[WhiteTeam "Slovenia"]
[BlackTeam "Sri Lanka"]
[WhiteFideId "14608634"]
[BlackFideId "9910760"]
[EventDate "2014.12.13"]
[EventType "team"]

1. e4 c6 2. d4 d5 3. Nc3 dxe4 4. Nxe4 Bf5 5. Ng3 Bg6 6. h4 h6 7. Nf3 Nd7 8. h5
Bh7 9. Bd3 Bxd3 10. Qxd3 e6 11. Bf4 Qa5+ 12. Bd2 Qc7 13. O-O-O Ngf6 14. Ne4
O-O-O 15. g3 Nxe4 16. Qxe4 Nf6 17. Qe2 Bd6 18. Rh4 Kb8 19. Ne5 Qe7 20. c4 c5 21.
Ba5 Rc8 22. Bc3 Ka8 23. Kb1 Rhd8 24. dxc5 Bxc5 25. Rxd8 Rxd8 26. Nd3 Bb6 27. Bb4
Qd7 28. Ne5 Qa4 29. Bd2 Ba5 30. Bc1 Qe8 31. f4 Nd7 32. Nxd7 Qxd7 33. g4 Qd4 34.
Rh1 Bc7 35. Rf1 f5 36. g5 hxg5 37. fxg5 f4 38. b3 e5 39. Bb2 Qd3+ 40. Qxd3 Rxd3
41. Rh1 Rd7 42. h6 gxh6 43. gxh6 Rh7 44. Kc2 Kb8 45. Kd3 Kc8 46. Ke4 Kd7 47. Kf5
f3 48. Kg6 Rh8 49. h7 f2 50. Rf1 Bb6 51. Bxe5 1-0

[Event "World Youth U16 Olympiad"]
[Site "Gyor HUN"]
[Date "2014.12.13"]
[Round "1.15"]
[Board "1"]
[White "Tutisani, Noe"]
[Black "Taalaibekov, Tagir"]
[Result "1-0"]
[WhiteElo "2301"]
[BlackElo "2047"]
[WhiteTeam "Georgia"]
[BlackTeam "Kyrgyzstan"]
[WhiteFideId "13602853"]
[BlackFideId "13801163"]
[EventDate "2014.12.13"]
[EventType "team"]

1. e4 c5 2. Nf3 e6 3. d4 cxd4 4. Nxd4 a6 5. Bd3 Qc7 6. O-O Nf6 7. c4 Nc6 8. Nxc6
dxc6 9. f4 Bc5+ 10. Kh1 e5 11. f5 b5 12. Bg5 Nd7 13. cxb5 axb5 14. f6 gxf6 15.
Bh4 Be7 16. Qc2 Qd6 17. Nc3 O-O 18. Ne2 f5 19. Bxe7 Qxe7 20. exf5 Nf6 21. Ng3
Bb7 22. Ne4 Nxe4 23. Bxe4 Qf6 24. Rfd1 Ra4 25. b3 Rd4 26. Rxd4 exd4 27. Rd1 Qe5
28. f6 Re8 29. Bxh7+ Kh8 30. Bd3 Qxf6 31. Rf1 Qg7 32. Qc5 Re3 33. Rxf7 Re1+ 34.
Rf1 Rxf1+ 35. Bxf1 Qf6 36. Bd3 Bc8 37. h3 Kg7 38. Qa7+ Kf8 39. Qb8 Qe6 40. Qf4+ 1-0

[Event "World Youth U16 Olympiad"]
[Site "Gyor HUN"]
[Date "2014.12.13"]
[Round "1.15"]
[Board "2"]
[White "Isaev, Chingys"]
[Black "Khomeriki, Nino"]
[Result "1-0"]
[BlackTitle "WFM"]
[WhiteElo "1949"]
[BlackElo "2141"]
[WhiteTeam "Kyrgyzstan"]
[BlackTeam "Georgia"]
[WhiteFideId "13801660"]
[BlackFideId "13603191"]
[EventDate "2014.12.13"]
[EventType "team"]

1. d4 Nf6 2. c4 d6 3. Nc3 g6 4. e4 Bg7 5. f3 O-O 6. Bg5 c6 7. Qd2 a6 8. Bd3 b5
9. a3 Nbd7 10. Nge2 bxc4 11. Bxc4 Rb8 12. O-O c5 13. Be3 cxd4 14. Nxd4 Ne5 15.
Be2 Bb7 16. Rfd1 d5 17. Bf4 Nh5 18. exd5 Bxd5 19. Kh1 Bb7 20. Be3 Qd7 21. b4
Rfd8 22. Rac1 Rbc8 23. Nb3 Qc7 24. Nd5 Qd6 25. Rxc8 Rxc8 26. Nc5 Ba8 27. Bxa6
Rb8 28. Be2 e6 29. Nf6+ Bxf6 30. Qxd6 Re8 31. b5 Bd5 32. Nd7 Nxd7 33. Qxd7 Rd8
34. Qc7 1-0

[Event "World Youth U16 Olympiad"]
[Site "Gyor HUN"]
[Date "2014.12.13"]
[Round "1.15"]
[Board "3"]
[White "Ghvamberia, Nika"]
[Black "Isakzhanov, Aibek"]
[Result "1-0"]
[WhiteElo "2122"]
[BlackElo "1785"]
[WhiteTeam "Georgia"]
[BlackTeam "Kyrgyzstan"]
[WhiteFideId "13602128"]
[BlackFideId "13802542"]
[EventDate "2014.12.13"]
[EventType "team"]

1. e4 c5 2. Nf3 d6 3. d4 cxd4 4. Nxd4 Nf6 5. Nc3 g6 6. Be3 Bg7 7. f3 Nc6 8. Bc4
O-O 9. Qd2 Bd7 10. O-O-O Qa5 11. Kb1 Ne5 12. Bb3 Rfc8 13. h4 Nc4 14. Bxc4 Rxc4
15. Nb3 Qa6 16. Bh6 Bh8 17. h5 Rac8 18. hxg6 hxg6 19. Bf8 Nh5 20. Rxh5 gxh5 21.
Bxe7 Bg7 22. Qg5 d5 23. Rxd5 Qe6 24. Rxd7 f6 25. Qd5 Qxd5 26. Rxd5 Kf7 27. Bc5
b6 28. Bf2 Kg6 29. Nd4 Bh6 30. Nf5 R8c7 31. Nh4+ Kg7 32. Bg3 R7c5 33. Rd7+ Kg8
34. Nf5 Bf8 35. Nd5 1-0

[Event "World Youth U16 Olympiad"]
[Site "Gyor HUN"]
[Date "2014.12.13"]
[Round "1.16"]
[Board "1"]
[White "Csuta, Akos Koppany"]
[Black "Repka, Christopher"]
[Result "0-1"]
[WhiteElo "2027"]
[BlackElo "2407"]
[WhiteTeam "GyÃ¶r (Hungary)"]
[BlackTeam "Slovakia 1"]
[WhiteFideId "760390"]
[BlackFideId "14918781"]
[EventDate "2014.12.13"]
[EventType "team"]

1. e4 e6 2. d4 d5 3. Nd2 Nf6 4. e5 Nfd7 5. Bd3 c5 6. c3 Nc6 7. Ne2 cxd4 8. cxd4
f6 9. exf6 Qxf6 10. Nf3 Bd6 11. O-O O-O 12. Bg5 Qf7 13. Bh4 e5 14. Ng5 Qf6 15.
Bxh7+ Kh8 16. dxe5 Ndxe5 17. Qxd5 Qh6 18. Qe4 Bg4 19. Bg3 Qxg5 20. f4 Bc5+ 21.
Kh1 Qh5 22. fxe5 Bxe2 23. Rf4 Rxf4 24. Bxf4 Rf8 25. Bg3 Bd1 26. Qe1 Be2 27. Bg6
Qg4 28. Qd2 Bf2 29. Bxf2 Rxf2 30. Rg1 Qxg6 31. Qe3 Qf5 0-1

[Event "World Youth U16 Olympiad"]
[Site "Gyor HUN"]
[Date "2014.12.13"]
[Round "1.16"]
[Board "2"]
[White "Nayhebaver, Martin"]
[Black "Pesti, Mate"]
[Result "1-0"]
[WhiteElo "2332"]
[BlackElo "1649"]
[WhiteTeam "Slovakia 1"]
[BlackTeam "GyÃ¶r (Hungary)"]
[WhiteFideId "14923432"]
[BlackFideId "772194"]
[EventDate "2014.12.13"]
[EventType "team"]

1. e4 c5 2. Nf3 Nc6 3. Nc3 g6 4. d4 cxd4 5. Nxd4 Bg7 6. Be3 Nf6 7. Bc4 Qa5 8.
O-O O-O 9. Bb3 d6 10. h3 Bd7 11. f4 Rfd8 12. Qd3 e6 13. Rad1 Rac8 14. Qe2 d5 15.
e5 Ne8 16. Qf2 Nxd4 17. Bxd4 b6 18. g4 Nc7 19. Be3 Qa6 20. Qg3 Qb7 21. f5 exf5
22. gxf5 Bxf5 23. Bg5 Rd7 24. Rxf5 gxf5 25. Bf6 Ne6 26. Kh2 d4 27. Nb5 Kf8 28.
Bxg7+ Nxg7 29. Rg1 Ne8 30. Nd6 Qc6 31. Qg8+ Ke7 32. Qxf7+ 1-0

[Event "World Youth U16 Olympiad"]
[Site "Gyor HUN"]
[Date "2014.12.13"]
[Round "1.16"]
[Board "3"]
[White "Nagy, Istvan Miklos"]
[Black "Pechac, Jergus"]
[Result "0-1"]
[BlackTitle "CM"]
[WhiteElo "1730"]
[BlackElo "2182"]
[WhiteTeam "GyÃ¶r (Hungary)"]
[BlackTeam "Slovakia 1"]
[WhiteFideId "760471"]
[BlackFideId "14926970"]
[EventDate "2014.12.13"]
[EventType "team"]

1. e4 e6 2. d4 d5 3. exd5 exd5 4. Bd3 c5 5. c3 Nc6 6. Nf3 Bg4 7. Be2 Nf6 8. Bg5
Qb6 9. Qb3 c4 10. Qxb6 axb6 11. Bf4 Be7 12. Nbd2 b5 13. O-O b4 14. h3 Bf5 15.
Rfe1 O-O 16. Ne5 bxc3 17. Nxc6 bxc6 18. bxc3 Ba3 19. Nf3 Bb2 20. Rad1 Bxc3 21.
Bd2 Bxd2 22. Nxd2 Rxa2 23. Nf3 Ne4 24. Rc1 h6 25. Ne5 c5 26. Nc6 Re8 27. Bf3
cxd4 28. Nxd4 Bg6 29. Bxe4 Rxe4 30. Rxe4 Bxe4 31. f3 Bg6 32. Nc6 Rd2 33. Ne5 Kh7
34. Nd7 Bc2 35. Nb6 Bb3 36. Kh2 Rd3 37. Nd7 Rd1 38. Rxd1 Bxd1 39. Nc5 c3 40. Nd3
d4 41. Kg1 Be2 42. Nc1 d3 43. Na2 c2 44. Kf2 d2 0-1

[Event "World Youth U16 Olympiad"]
[Site "Gyor HUN"]
[Date "2014.12.13"]
[Round "1.16"]
[Board "4"]
[White "Sucikova, Svetlana"]
[Black "Kurcsics, Erika"]
[Result "1-0"]
[WhiteElo "1985"]
[BlackElo "1803"]
[WhiteTeam "Slovakia 1"]
[BlackTeam "GyÃ¶r (Hungary)"]
[WhiteFideId "14923653"]
[BlackFideId "713848"]
[EventDate "2014.12.13"]
[EventType "team"]

1. c4 c5 2. Nc3 g6 3. g3 Nc6 4. Bg2 Bg7 5. Nf3 e6 6. O-O Nge7 7. b3 d5 8. Bb2
O-O 9. e3 d4 10. Ne4 b6 11. exd4 cxd4 12. d3 f5 13. Ned2 Qd6 14. Qc1 Bb7 15. Ba3
Qd7 16. b4 Nd8 17. Re1 Nf7 18. Bb2 e5 19. a4 Rae8 20. a5 Nc8 21. Nb3 Rd8 22. Qd1
Rfe8 23. a6 Bc6 24. b5 Bxf3 25. Bxf3 Ne7 26. Qd2 Bh6 27. Qb4 f4 28. Nd2 fxg3 29.
hxg3 Bxd2 30. Qxd2 Qf5 31. Be4 Qf6 32. Bc1 Rf8 33. Ra2 h6 34. Qe2 Kg7 35. Bg2 g5
36. Qe4 h5 37. Ba3 Rh8 38. Qb7 Nc8 39. Bd5 Rde8 40. Rae2 h4 41. Qxf7+ Qxf7 42.
Bxf7 Kxf7 43. Rxe5 Rxe5 44. Rxe5 Kf6 45. Re4 hxg3 46. fxg3 Rd8 47. Bb2 Kf5 48.
g4+ Kg6 49. Rxd4 Re8 50. Ba3 Kf6 51. Kf2 Rh8 52. Re4 Rh2+ 53. Ke3 Rh3+ 54. Kd4
Rh8 55. Kc3 Rd8 56. d4 Rh8 57. Bb4 Rh3+ 58. Kc2 Rh2+ 59. Kd3 Rh3+ 60. Re3 Rh8
61. d5 Kf7 62. Kd4 Rh4 63. Re4 Rh1 64. d6 Rd1+ 65. Ke5 Ke8 66. Kf5+ Kd7 67. Kxg5
Nxd6 68. Bxd6 Kxd6 69. Kf6 Rf1+ 70. Kg6 Rf8 71. g5 Rg8+ 72. Kf6 Rf8+ 73. Kg7 Rf5
74. g6 Rf2 75. Kg8 Kd7 76. g7 Rf3 77. Kh7 Rh3+ 78. Kg6 Rg3+ 79. Kh6 Rh3+ 80. Kg5
Rg3+ 81. Rg4 1-0

[Event "World Youth U16 Olympiad"]
[Site "Gyor HUN"]
[Date "2014.12.13"]
[Round "1.17"]
[Board "1"]
[White "Xu, Yi"]
[Black "Rebaz, Nasir Jamal"]
[Result "1-0"]
[WhiteTitle "FM"]
[WhiteElo "2360"]
[BlackElo "1719"]
[WhiteTeam "China"]
[BlackTeam "Iraq"]
[WhiteFideId "8605564"]
[BlackFideId "4808649"]
[EventDate "2014.12.13"]
[EventType "team"]

1. e4 c5 2. Nf3 d6 3. d4 cxd4 4. Nxd4 Nf6 5. Nc3 a6 6. Bc4 e6 7. Bb3 b5 8. O-O
Bb7 9. Re1 Nc6 10. f4 Be7 11. f5 Nxd4 12. Qxd4 Qd7 13. fxe6 fxe6 14. Bg5 h6 15.
Bh4 O-O 16. Rad1 Rad8 17. Qb6 d5 18. exd5 exd5 19. Bxf6 Rxf6 20. Nxd5 Rxb6 21.
Nxb6+ 1-0

[Event "World Youth U16 Olympiad"]
[Site "Gyor HUN"]
[Date "2014.12.13"]
[Round "1.17"]
[Board "2"]
[White "Rabeea, Sabah Nori"]
[Black "Dai, Changren"]
[Result "0-1"]
[WhiteTitle "FM"]
[WhiteElo "1944"]
[BlackElo "2301"]
[WhiteTeam "Iraq"]
[BlackTeam "China"]
[WhiteFideId "4806212"]
[BlackFideId "8608156"]
[EventDate "2014.12.13"]
[EventType "team"]

1. d4 Nf6 2. c4 g6 3. Nc3 Bg7 4. e4 d6 5. h3 O-O 6. Nf3 e5 7. Be3 exd4 8. Nxd4
Re8 9. Bd3 Nbd7 10. Nf3 Nc5 11. Bxc5 dxc5 12. O-O c6 13. Re1 Nh5 14. Qc2 Nf4 15.
Bf1 Ne6 16. Rad1 Nd4 17. Qd3 Qf6 18. Nxd4 cxd4 19. e5 Rxe5 20. Ne4 Qe7 21. Qxd4
Bf5 22. Bd3 Re8 23. f3 Rxe4 24. Qxe4 Bxe4 25. Rxe4 Qc5+ 26. Kh1 Rxe4 27. Bxe4
Bxb2 0-1

[Event "World Youth U16 Olympiad"]
[Site "Gyor HUN"]
[Date "2014.12.13"]
[Round "1.17"]
[Board "3"]
[White "Zhou, Jiangnan"]
[Black "Noori, Sabah Nori"]
[Result "1-0"]
[WhiteElo "2100"]
[BlackElo "1891"]
[WhiteTeam "China"]
[BlackTeam "Iraq"]
[WhiteFideId "8609918"]
[BlackFideId "4806620"]
[EventDate "2014.12.13"]
[EventType "team"]

1. d4 d5 2. Nf3 Nf6 3. c4 e6 4. e3 Nbd7 5. Nbd2 c6 6. Bd3 Bd6 7. O-O O-O 8. e4
dxe4 9. Nxe4 Nxe4 10. Bxe4 Qc7 11. Re1 Nf6 12. Bc2 c5 13. Bg5 Kh8 14. Qd3 Ne4
15. Qxe4 f5 16. Qh4 h6 17. dxc5 Bxc5 18. Bf4 Qe7 19. Qxe7 Bxe7 20. Ne5 Rf6 21.
Rad1 g5 22. Bd2 b6 23. Bc3 Kg8 24. Nc6 Rf7 25. Bxf5 exf5 26. Nxe7+ 1-0

[Event "World Youth U16 Olympiad"]
[Site "Gyor HUN"]
[Date "2014.12.13"]
[Round "1.17"]
[Board "4"]
[White "Ameer, Dhafer Abdulameer"]
[Black "Zhang, Jiabao"]
[Result "0-1"]
[WhiteTitle "CM"]
[WhiteElo "1469"]
[BlackElo "2089"]
[WhiteTeam "Iraq"]
[BlackTeam "China"]
[WhiteFideId "4807537"]
[BlackFideId "8606560"]
[EventDate "2014.12.13"]
[EventType "team"]

1. e4 c5 2. Nf3 Nc6 3. d4 cxd4 4. Nxd4 Nf6 5. Nc3 e5 6. Ndb5 d6 7. Nd5 Nxd5 8.
Qxd5 Be6 9. Qd1 Be7 10. Be3 O-O 11. Nc3 Bg5 12. Bxg5 Qxg5 13. Qd2 Qxd2+ 14. Kxd2
Rad8 15. Rd1 g6 16. Kc1 f5 17. exf5 gxf5 18. Nb5 d5 19. f3 a6 20. Nc3 b5 21. Ne2
d4 22. Ng3 Rc8 23. a3 Kg7 24. Bd3 Kf6 25. h4 Rg8 26. Rh3 Rcf8 27. Rg1 Ke7 28.
Re1 f4 0-1

[Event "World Youth U16 Olympiad"]
[Site "Gyor HUN"]
[Date "2014.12.13"]
[Round "1.18"]
[Board "1"]
[White "McGovern Leahy, Cian"]
[Black "Plenca, Jadranko"]
[Result "1-0"]
[BlackTitle "FM"]
[WhiteElo "1929"]
[BlackElo "2313"]
[WhiteTeam "Ireland"]
[BlackTeam "Croatia"]
[WhiteFideId "2508753"]
[BlackFideId "14527146"]
[EventDate "2014.12.13"]
[EventType "team"]

1. d4 d5 2. c4 c6 3. Nf3 Nf6 4. Nc3 a6 5. a4 e6 6. g3 a5 7. Bg2 Be7 8. O-O Na6
9. Bf4 O-O 10. Ne5 Nb4 11. e4 dxc4 12. Nxc4 b6 13. Qb3 Ba6 14. Rfd1 Rc8 15. h3
Ne8 16. Rac1 Nd6 17. Ne5 c5 18. dxc5 bxc5 19. Bf1 Bxf1 20. Kxf1 Qb6 21. Nc4 Nxc4
22. Qxc4 Nc6 23. Nb5 e5 24. Be3 Nd4 25. Kg2 Rb8 26. Bxd4 exd4 27. Re1 Rbd8 28.
Rcd1 Kh8 29. f4 Qb7 30. Kf2 Rc8 31. b3 Rc6 32. Qd5 Qb6 33. Qd7 Bd8 34. Qa7 c4
35. bxc4 Qxa7 36. Nxa7 Rxc4 37. Ra1 Bb6 38. Nb5 Rd8 39. Red1 d3+ 40. Kf3 Rc2 41.
Ra3 h5 42. e5 f5 43. g4 fxg4+ 44. hxg4 hxg4+ 45. Kxg4 d2 46. Nd6 Bc5 47. Rd3 Kg8
48. R1xd2 Rxd2 49. Rxd2 Bb4 50. Rd5 Kf8 51. Kg5 Rd7 52. Kg6 Rc7 53. Rb5 Rc6 54.
Rb8+ Ke7 55. Kxg7 Bxd6 56. exd6+ Kxd6 57. f5 Rc4 58. Rb6+ Kc7 59. Rg6 Rxa4 60.
f6 1-0

[Event "World Youth U16 Olympiad"]
[Site "Gyor HUN"]
[Date "2014.12.13"]
[Round "1.18"]
[Board "2"]
[White "Tica, Sven"]
[Black "Mirza, Diana"]
[Result "1-0"]
[BlackTitle "WCM"]
[WhiteElo "2236"]
[BlackElo "1768"]
[WhiteTeam "Croatia"]
[BlackTeam "Ireland"]
[WhiteFideId "14526948"]
[BlackFideId "2503999"]
[EventDate "2014.12.13"]
[EventType "team"]

1. Nf3 c5 2. c4 Nc6 3. Nc3 e5 4. g3 g6 5. Bg2 Bg7 6. O-O Nge7 7. Ne1 O-O 8. Nc2
d6 9. a3 f5 10. d3 Rb8 11. Rb1 Be6 12. Ne3 Qd7 13. b4 b6 14. Ned5 f4 15. e3 fxg3
16. hxg3 Bg4 17. Qa4 Rf7 18. Nxe7+ Nxe7 19. Qxd7 Bxd7 20. Ne4 Bf5 21. Rd1 Rd8
22. Bb2 h6 23. Nc3 Kh7 24. Rbc1 Bg4 25. Rd2 Bf5 26. Be4 Be6 27. Nd5 Bxd5 28.
cxd5 Nf5 29. Kg2 h5 30. Rh1 Kg8 31. Rc2 Re8 32. Rb1 Bh6 33. Bc1 Rd8 34. Rc4 Rdf8
35. Rb2 Bg7 36. b5 Kh7 37. Ra4 Nh6 38. Rc2 Ng4 39. f4 exf4 40. gxf4 Nf6 41. Bf3
Ne8 42. Bb2 Bxb2 43. Rxb2 Re7 44. Re2 Ng7 45. Ra6 Nf5 46. Be4 Nh4+ 47. Kh3 Nf5
48. a4 1-0

[Event "World Youth U16 Olympiad"]
[Site "Gyor HUN"]
[Date "2014.12.13"]
[Round "1.18"]
[Board "3"]
[White "Higgins, Michael"]
[Black "Livaic, Leon"]
[Result "0-1"]
[WhiteElo "1559"]
[BlackElo "2193"]
[WhiteTeam "Ireland"]
[BlackTeam "Croatia"]
[WhiteFideId "2507153"]
[BlackFideId "14531534"]
[EventDate "2014.12.13"]
[EventType "team"]

1. c4 e5 2. g3 Nc6 3. Bg2 g6 4. Nc3 Bg7 5. d3 d6 6. Nf3 Nf6 7. O-O O-O 8. Rb1 a5
9. a3 h6 10. b4 axb4 11. axb4 Be6 12. e4 Qd7 13. Ne1 Nh5 14. Ne2 Bh3 15. f4 exf4
16. Nxf4 Nxf4 17. Bxf4 Ra2 18. Bd2 Nd4 19. Kh1 Bg4 20. Nf3 Nxf3 21. Bxf3 Bxf3+
22. Rxf3 Qh3 23. Rf2 Bd4 24. Re2 Rfa8 25. Qe1 Ra1 26. Rxa1 Rxa1 27. Bc1 Qg4 28.
Qf1 Rxc1 29. Qxc1 Qxe2 30. Qf4 Be5 0-1